Artistas Argentinos - Rock nacional - Estadísticas

Estadísticas generales
  • Esta prueba ha sido intentada 39 veces
    34 desde el último reinicio
  • La puntuación promedio es 26 de 49
Estadísticas de respuestas
Hint Respuesta % Correcto
Cae el solPor Mil Noches Airbag
88%
Alta suciedadLoco Andrés Calamaro
85%
Prohibido 9 de Julio Callejeros
85%
Hacelo por MíChance Ataque 77
81%
El locoPutita Babasonicos
81%
Crimen Lisa Gustavo Cerati
77%
Balada Del Diablo y La MuerteEl Hombre De La Estrella La Renga
77%
Juntos a la ParRock and Roll y Fiebre Pappo
77%
El FarolitoDesde Lejos No Se Ve Los Piojos
73%
Me gustaInsisto Ciro y los persas
69%
Lunes por la madrugadaSin gamulán Los Abuelos de la Nada
69%
No Te Alejes Tanto De MíSeguir Viviendo Sin Tu Amor Luis Alberto Spinetta
69%
Lo Que Sangra (La Cúpula) Signos Soda Stereo
69%
Personalmente Será Las Pelotas
65%
Rutas ArgentinasMuchacha (Ojos de Papel) Almendra
62%
Fanky De mí Charly García
62%
Circo beatTema de piluso Fito Paez
62%
Quieren RockFuiste lo mejor Intoxicados
62%
¿Qué es Dios? Rompecabezas de amor Las Pastillas del abuelo
62%
Loco (tu forma de ser)Un osito de peluche de Taiwan Los Auténticos Decadentes
58%
Desconexión SideralSr.Cobranza Bersuit vergarabat
54%
Ala DeltaOrtega y Gases Divididos
54%
Flight 956 Había una vez... Indio solari, los fundamentalistas del aire acondicionado
54%
Manuel Santillán, el LeónVos Sabes Los Fabulosos Cadillacs
54%
Motor Psico Juguetes Perdidos Patricio Rey y sus Redonditos de Ricota
54%
HomeroTodo Sigue Igual Viejas Locas
54%
A veces vuelvo Catupecu Machu
50%
Tan distintos Reyes de la Noche Guasones
50%
MadrugadaTraicionero La Beriso
50%
Para no verme másel viejo La Vela Puerca
50%
Arde la ciudadJuegos de Locos Mancha De Rolando
50%
SeminaréPeperina Serú Girán
46%
PorBajan Pescado Rabioso
42%
No Tan Distintos Los Viejos Vinagres Sumo
42%
Magia BlancaPasos Al Costado Turf
42%
Luna de Miel en la ManoDame una Señal Virus
42%
El Tesoro La Noche Ete El Mató a un Policía Motorizado
38%
Rock del GatoSIgue Girando Ratones Paranoicos
38%
Lunita de Tucumán Ciudad Mágica Tan Bionica
38%
Para no olvidasMilonga del marinero y el capitán Los Rodriguez
35%
Señales ErróneasWaitin' Los Pericos
31%
Canción para Mi MuerteEl Tuerto y los Ciegos Sui Generis
31%
No Te Apartes de MíLos Caminos de la Vida Vicentico
31%
El anillo de Capitán BetoQue ves el cielo Invisible
27%
Alma de DiamanteResumen Porteño Spinetta Jade
27%
Zamba para Olvidarte Zona de Promesas Mercedes Sosa
23%
SelvaNada es igual La Portuaria
19%
Cumbiera intelectual Down with my baby Kevin Johansen
15%
A Primera VistaDespués de Todo el Tiempo Pedro Aznar
12%
No se encontraron pruebas coincidentes
Distribución de puntuación
Porcentaje de gente con cada puntuación
Porcentaje por número respondido
Historial de tus puntuaciones
No has intentado esta prueba desde el último reinicio